BIBLIOTECA PODER JUDICIAL
Portal Judicial TDF

Adopción de niños, niñas y adolescentes en situación de discapacidad : (Registro nro. 5812)

000 -LEADER
fixed length control field 01385nab a22002177a 4500
003 - CONTROL NUMBER IDENTIFIER
control field OSt
005 - DATE AND TIME OF LATEST TRANSACTION
control field 20260106231108.0
008 - FIXED-LENGTH DATA ELEMENTS--GENERAL INFORMATION
fixed length control field 190514b xxu||||| |||| 00| 0 spa d
040 ## - CATALOGING SOURCE
Transcribing agency PJ
100 ## - MAIN ENTRY--PERSONAL NAME
9 (RLIN) 6721
Personal name Sarquis, Lorena
245 10 - TITLE STATEMENT
Title Adopción de niños, niñas y adolescentes en situación de discapacidad :
Remainder of title aportes desde una mirada crítica para la garantía del derecho humano a vivir en familia /
Statement of responsibility, etc Lorena Sarquis, Camila Beguiristain.
300 ## - PHYSICAL DESCRIPTION
Extent p. 58-75
505 ## - FORMATTED CONTENTS NOTE
Formatted contents note Sumario: I. Nuestro objetivo.— II. Enfoque de derechos humanos y las perspectivas de niñez y discapacidad en clave interseccional.— III. Repercusiones en las medidas excepcionales de protección de derechos.— IV. Garantías mínimas de procedimiento, relectura en clavede discapacidad: ajustes para garantizar el derecho humano a vivir en familia.— V. El camino hacia la adopción.— VI. Repercusiones en las niñeces y adolescencias con discapacidad psicosocial o intelectual.— VII. Palabras de cierre.
505 ## - FORMATTED CONTENTS NOTE
Title Si te interesa el texto, comunicate a koha@justierradelfuego.gov.ar
650 #0 - SUBJECT ADDED ENTRY--TOPICAL TERM
9 (RLIN) 614
Topical term or geographic name as entry element DERECHOS HUMANOS
650 #0 - SUBJECT ADDED ENTRY--TOPICAL TERM
9 (RLIN) 974
Topical term or geographic name as entry element ADOPCIÓN
650 #0 - SUBJECT ADDED ENTRY--TOPICAL TERM
9 (RLIN) 3271
Topical term or geographic name as entry element PERSONAS CON DISCAPACIDAD
700 ## - ADDED ENTRY--PERSONAL NAME
9 (RLIN) 5951
Personal name Beguiristain, Camila
Función coautor
773 0# - HOST ITEM ENTRY
Host Biblionumber 2844
Host Itemnumber 3222
Place, publisher, and date of publication Buenos Aires : AbeledoPerrot, 1989-
Title Derecho de familia. N° 117 - Noviembre 2024
International Standard Book Number 18511201
942 ## - ADDED ENTRY ELEMENTS (KOHA)
Source of classification or shelving scheme
Koha item type Analítica Artículo de Revista

No hay ítems disponibles.

12 de Octubre 789 Ushuaia - Tel:  54(02901)441571
Horario de Atención: 8.00 a 17.00 hs. 
bibliotecaush@justierradelfuego.gov.ar
koha@justierradelfuego.gov.ar
Seguinos en nuestras redes @bibliojustdf 

Con tecnología Koha